Index librorum prohibitorum SSmi. D. N. Benedicti XIV Pontificis Maximi jussu recognitus, atque editus

Detalles Bibliográficos
Autor Corporativo: Santa Sede. Congregación del índice
Otros Autores: Benedicto, XIV, papa, 1675-1758, Falconi, I. A., grab
Formato: Libro
Lenguaje:Latin
Publicado: Romae : ex typographia Reverendae Camerae Apostolicae, 1758.
Materias:
Colección:Banco de datos
Acervo:Universidad Autónoma Benito Juárez de Oaxaca. Biblioteca Francisco de Burgoa. Colección antigua
Descripción Física:[5] h., XXXIX, 268, 8 p. : il. ; 4°
Tema general:Bibliografía
Notas:Portada tipográfica a dos tintas con pleca y grabado central xilográfico. Texto a renglón seguido con paginación en números arábigos y romanos, reclamos y signaturas. Incluye frontispicio elaborado por I. A. Falconi in. en grabado calcográfico. Incluye capitular con motivos florales en grabado xilográfico. Colofón: Romae, M.DCC.LXIII. Ex Typographia Reverendae Camerae Apostolicae. Encuadernación en piel sobre cartón. Marca de fuego: Casa del Noviciado de la Compañía de Jesús de Oaxaca, Oax. Marca de fuego: Convento de Santo Domingo de Oaxaca, Oax.
LEADER 01364nam a22001930004500
035 |a 3030 
041 0 |a lat 
110 1 |a Santa Sede. Congregación del índice 
245 1 0 |a Index librorum prohibitorum SSmi. D. N. Benedicti XIV Pontificis Maximi jussu recognitus, atque editus 
260 |a Romae : ex typographia Reverendae Camerae Apostolicae, 1758. 
300 |a [5] h., XXXIX, 268, 8 p. : il. ; 4°  
500 |a Portada tipográfica a dos tintas con pleca y grabado central xilográfico. Texto a renglón seguido con paginación en números arábigos y romanos, reclamos y signaturas. Incluye frontispicio elaborado por I. A. Falconi in. en grabado calcográfico. Incluye capitular con motivos florales en grabado xilográfico. Colofón: Romae, M.DCC.LXIII. Ex Typographia Reverendae Camerae Apostolicae. Encuadernación en piel sobre cartón. Marca de fuego: Casa del Noviciado de la Compañía de Jesús de Oaxaca, Oax. Marca de fuego: Convento de Santo Domingo de Oaxaca, Oax. 
650 1 0 |a Bibliografía 
700 1 |a Benedicto, XIV, papa, 1675-1758 
700 1 |a Falconi, I. A., grab. 
852 |a Universidad Autónoma "Benito Juárez" de Oaxaca, Biblioteca Francisco de Burgoa, Colección antigua 8974 
942 |c BURANT 
943 |g Universidad Autónoma Benito Juárez de Oaxaca. Biblioteca Francisco de Burgoa. Colección antigua 
999 |c 1114041  |d 1114041